| 000 | 00633nam a2200193Ia 4500 | ||
|---|---|---|---|
| 003 | GCL | ||
| 008 | 140319s9999 xx 000 0 ara d | ||
| 040 |
_aGCL / _cGCL |
||
| 082 | 0 | 4 |
_a822 _bش م |
| 100 | 1 | _aعلى ادهم | |
| 245 | 1 | 0 |
_aمختارات من مسرحيات شو القصيرة (هدية من الاديب عبدالفتاح الجمل) / _cعلى ادهم |
| 700 | 1 | _aشو، ج . ب | |
| 700 | 1 | _aميشيل عبدالاحد | |
| 490 |
_aالالف كتاب _v0 |
||
| 650 | 0 | 4 | _aالمسرحيات الانجليزية |
| 650 | 0 | 4 | _aالادب العالمى |
| 650 | 0 | 4 | _aشو , برنارد |
| 942 |
_2ddc _cBK |
||
| 999 |
_c40889 _d40889 |
||